La Technique du Violoncelle
Uloženo v:
| Hlavní autor: | |
|---|---|
| Médium: | Kniha |
| Jazyk: | angličtina francouzština španělština italština |
| Vydáno: |
París
Alphonse Leduc
1944
|
| Témata: | |
| Tagy: |
Přidat tag
Žádné tagy, Buďte první, kdo vytvoří štítek k tomuto záznamu!
|
MARC
| LEADER | 00000nam a2200000 a 4500 | ||
|---|---|---|---|
| 001 | UCN8001 | ||
| 003 | CL-VaPUC | ||
| 008 | 011026e19440000FR |||||||||||||||||eng|d | ||
| 041 | 0 | 7 | |a eng |2 CL-VaPUC |
| 041 | 0 | 7 | |a fre |2 CL-VaPUC |
| 041 | 0 | 7 | |a spa |2 CL-VaPUC |
| 041 | 0 | 7 | |a ita |2 CL-VaPUC |
| 082 | 0 | 4 | |a 787.4193 |b BAZ |2 21 |
| 100 | 0 | |a Bazelaire, Paul |e author |9 464189 | |
| 245 | 1 | 3 | |a La Technique du Violoncelle |
| 300 | |a v | ||
| 942 | |c BK | ||
| 945 | |d 20011026 00:00:00 |a lriquelm | ||
| 260 | |a París |b Alphonse Leduc |c 1944 | ||
| 500 | |a v.4: Douze études de vélocite en forme de variations dans le douze tons majeurs | ||
| 500 | |a Twelve studies of velocity in the form of variations in the twelve major keys | ||
| 500 | |a Doce estudios de velocidad en forma de variaciones en los doces tonos mayores | ||
| 500 | |a Dodici studidi velocita in forma di variazioni nei dodici toni maggiori | ||
| 650 | 0 | |a Violoncello |x Estudio e instrucción |9 390261 | |
| 650 | 0 | |a Violoncello |x Técnicas de ejecución |9 465026 | |
| 650 | 0 | |a Violoncello |x Ejercicios y estudio |9 465050 | |
| 650 | 7 | |a PEDAGOGIA INSTRUMENTAL |2 CL-VaPUC |9 464192 | |
| 650 | 0 | |a Técnica de la mano izquierda |9 461411 | |
| 583 | |a last modification |c 20011026 00:00:00 |k Rodrigo Vera | ||
| 999 | |c 298104 |d 298102 | ||
| 952 | |0 0 |1 0 |4 0 |6 787_419300000000000_BAZ_1944 |7 0 |8 F |9 353462 |a BIBEDU |b BIBEDU |d 2019-11-21 |h v.4 |i 1175874 |o 787.4193 BAZ 1944 |p 1175874 |r 2023-11-22 |w 2019-11-21 |y BK_F |k MUS | ||